LEADER 02195nam 2200541zu 450 001 9910887968303321 005 20230803214052.0 010 $a1-60469-739-3 035 $a(CKB)3710000000587808 035 $a(SSID)ssj0001614995 035 $a(PQKBManifestationID)16341909 035 $a(PQKBTitleCode)TC0001614995 035 $a(PQKBWorkID)14056871 035 $a(PQKB)11019895 035 $a(MiAaPQ)EBC7048102 035 $a(Au-PeEL)EBL7048102 035 $a(EXLCZ)993710000000587808 100 $a20160829d2014 uy 101 0 $aeng 135 $aurcnu|||||||| 181 $ctxt 182 $cc 183 $acr 200 10$aThe living landscape : designing for beauty and biodiversity in the home garden 210 31$a[Place of publication not identified]$cTimber Press$d2014 215 $a1 online resource (194 pages) 300 $aBibliographic Level Mode of Issuance: Monograph 311 $a1-60469-408-4 327 $aLayers in wild landscapes -- The community of living organisms: why interrelationships matter more than numbers -- The ecological functions of gardens: what landscapes do -- The art of observation -- Applying layers to the home garden. 330 $aTwo of the world's leading experts in horticulture, Rick Darke and Doug Tallamy, collaborate to offer an authoritative and inspiring work describing the importance of native plants and sustainable gardening: The Living Landscape: Designing for Beauty and Biodiversity in the Home Garden. 606 $aNatural landscaping$zUnited States 606 $aEcological landscape design$zUnited States 606 $aPlant Sciences$2HILCC 606 $aAgriculture$2HILCC 606 $aEarth & Environmental Sciences$2HILCC 615 0$aNatural landscaping 615 0$aEcological landscape design 615 7$aPlant Sciences 615 7$aAgriculture 615 7$aEarth & Environmental Sciences 676 $a712/.2 700 $aDarke$b Rick$01769467 702 $aTallamy$b Douglas W. 801 0$bPQKB 906 $aBOOK 912 $a9910887968303321 996 $aThe living landscape : designing for beauty and biodiversity in the home garden$94240425 997 $aUNINA